000
00205 a2200097 4500
001
27569
100
_a
Gottfrid, R.S
245
_a
Data processing
260
_a
_b
Quantum pub
_c
1974
090
_c
18356
_d
18356
942
_a
NUST-CAE
_c
M
_c
9287
999
_c
262642
_d
262642